书目信息 |
| 题名: |
多晶硅生产技术
|
|
| 作者: | 邓丰 , 唐正林 主编 | |
| 分册: | ||
| 出版信息: | 北京 化学工业出版社 2015.01 |
|
| 页数: | 194页 | |
| 开本: | 26cm | |
| 丛书名: | ||
| 单 册: | ||
| 中图分类: | TN304.1 | |
| 科图分类: | ||
| 主题词: | 硅--半导体材料--生产工艺--教材 , 硅 , 半导体材料 | |
| 电子资源: | ||
| ISBN: | 978-7-122-05501-9 | |
| 000 | 00878nam0 2200277 450 | |
| 001 | 0400006623 | |
| 005 | 20171104163336.0 | |
| 010 | @a978-7-122-05501-9@dCNY30.00 | |
| 100 | @a20090729d2015 em y0chiy50 ea | |
| 101 | 0 | @achi |
| 102 | @aCN@b110000 | |
| 105 | @aa z 000yy | |
| 106 | @ar | |
| 200 | 1 | @a多晶硅生产技术@Aduo jing gui sheng chan ji shu@f邓丰,唐正林主编 |
| 210 | @a北京@c化学工业出版社@d2015.01 | |
| 215 | @a194页@c图@d26cm | |
| 300 | @a太阳能光伏产业—硅材料系列教材 | |
| 330 | @a本书主要讲述了改良西门子法生产多晶硅的制备原理、工艺流程、工艺条件的选择的原则、生产过程操作要点等。 | |
| 606 | 0 | @a硅@x半导体材料@x生产工艺@j教材 |
| 606 | 0 | @a硅 |
| 606 | 0 | @a半导体材料 |
| 690 | @aTN304.1@v4 | |
| 701 | 0 | @a邓丰@Adeng feng@4主编 |
| 701 | 0 | @a唐正林@Atang zheng lin@4主编 |
| 801 | 0 | @aCN@b上海新华@c20171104 |
| 905 | @b1036526-30@dTN304.1@e70@f5 | |
| 多晶硅生产技术/邓丰,唐正林主编.-北京:化学工业出版社,2015.01 |
| 194页:图;26cm |
| 太阳能光伏产业—硅材料系列教材 |
| ISBN 978-7-122-05501-9:CNY30.00 |
| 本书主要讲述了改良西门子法生产多晶硅的制备原理、工艺流程、工艺条件的选择的原则、生产过程操作要点等。 |
| ● |
| 相关链接 |
|
|
|
|
正题名:多晶硅生产技术
索取号:TN304.1/70
 
预约/预借
| 序号 | 登录号 | 条形码 | 馆藏地/架位号 | 状态 | 备注 |
| 1 | 1036526 | 210365264 | 第二样本阅览室/ [索取号:TN304.1/70] | 在馆 | |
| 2 | 1036527 | 210365273 | 第三借阅区/ [索取号:TN304.1/70] | 在馆 | |
| 3 | 1036528 | 210365282 | 第三借阅区/ [索取号:TN304.1/70] | 在馆 | |
| 4 | 1036529 | 210365291 | 第三借阅区/ [索取号:TN304.1/70] | 在馆 | |
| 5 | 1036530 | 210365308 | 密集书库-物理学院/ [索取号:TN304.1/70] | 在馆 |